Ukraine : Selected Issues.

This Selected Issues paper presents a snapshot of some economic issues for Ukraine. It analyzes risks for the banking sector stability. It investigates Ukraine's real equilibrium exchange rate, drawing chiefly from cross-country panel-data analysis, and the experience of other neighboring East-...

תיאור מלא

מידע ביבליוגרפי
מחבר תאגידי: International Monetary Fund
פורמט: כתב-עת
שפה:English
יצא לאור: Washington, D.C. : International Monetary Fund, 2005.
סדרה:IMF Staff Country Reports; Country Report ; No. 2005/020
גישה מקוונת:Full text available on IMF
LEADER 01638cas a2200241 a 4500
001 AALejournalIMF008754
008 230101c9999 xx r poo 0 0eng d
020 |c 5.00 USD 
020 |z 9781451839043 
022 |a 1934-7685 
040 |a BD-DhAAL  |c BD-DhAAL 
110 2 |a International Monetary Fund. 
245 1 0 |a Ukraine :   |b Selected Issues. 
264 1 |a Washington, D.C. :  |b International Monetary Fund,  |c 2005. 
300 |a 1 online resource (87 pages) 
490 1 |a IMF Staff Country Reports 
500 |a <strong>Off-Campus Access:</strong> No User ID or Password Required 
500 |a <strong>On-Campus Access:</strong> No User ID or Password Required 
506 |a Electronic access restricted to authorized BRAC University faculty, staff and students 
520 3 |a This Selected Issues paper presents a snapshot of some economic issues for Ukraine. It analyzes risks for the banking sector stability. It investigates Ukraine's real equilibrium exchange rate, drawing chiefly from cross-country panel-data analysis, and the experience of other neighboring East-European countries. The results suggest that Ukraine will likely experience significant upward pressure on the real exchange rate, particularly as it orients itself to the European Union. The paper also uses newly available data to give a broad overview of Ukraine's asset and liability position vis-a-vis the rest of the world. 
538 |a Mode of access: Internet 
830 0 |a IMF Staff Country Reports; Country Report ;  |v No. 2005/020 
856 4 0 |z Full text available on IMF  |u http://elibrary.imf.org/view/journals/002/2005/020/002.2005.issue-020-en.xml  |z IMF e-Library